Tajdeed-E-Junoon (Record no. 3965)

MARC details
000 -LEADER
fixed length control field 00568nam a2200241 a 4500
020 ## - INTERNATIONAL STANDARD BOOK NUMBER
ISBN
082 00 - DEWEY DECIMAL CLASSIFICATION NUMBER
Classification number 891.41
Author Cutter CON
100 ## - MAIN ENTRY--AUTHOR NAME
Author name Conquest, Robert
245 ## - TITLE STATEMENT
Title Tajdeed-E-Junoon
260 ## - PUBLICATION, DISTRIBUTION, ETC. (IMPRINT)
Place of publication Jalalabadu.P.
Name of publisher Maktab Faiz-E-Ashraf
Year of publication 1961
300 ## - PHYSICAL DESCRIPTION
Number of Pages 212p
500 ## - GENERAL NOTE
General note includes index and biblioraphy
505 2# - FORMATTED CONTENTS NOTE
Formatted contents note Index
650 ## - SUBJECT ADDED ENTRY--TOPICAL TERM
Topical Term Urdu-Poetry
942 ## - ADDED ENTRY ELEMENTS (KOHA)
Koha item type Books
700 1# -
-- Conquest, Robert
Holdings
Collection code Home library Current library Date acquired Cost, normal purchase price Full call number Accession Number Koha item type
  Henry Martyn Institute Library Henry Martyn Institute Library 06/19/2007 5.00 891.41 CON 09979 Books
                   Copyright © 2026 | Henry Martyn Institute | Hyderabad | TS-500052 | INDIA | Implemented by hmi.edu.in
Hit-Count:

Powered by Koha